• " 1° vol. 283 p. 2° vol. 607 p."

di Personal Name

Records bibliografici associati: 1

001 - CONTROL NUMBER

  • control field: 34602

003 - CONTROL NUMBER IDENTIFIER

  • control field: IT-RoPau

005 - DATE AND TIME OF LATEST TRANSACTION

  • control field: 20150524113305.0

008 - FIXED-LENGTH DATA ELEMENTS

  • fixed length control field: 150524|| aca||aabn | a|a d

040 ## - CATALOGING SOURCE

  • Original cataloging agency: IT-RoPau
  • Transcribing agency: IT-RoPau

100 ## - HEADING--PERSONAL NAME

  • Personal name: " 1° vol. 283 p. 2° vol. 607 p."

670 ## - SOURCE DATA FOUND

  • Source citation: Work cat.: (IT-RoPau)13973: Angelo Tasca 34601, Nascita e avvento del fascismo. L’Italia dal 1919 al 1922
CREDITS: SOCIETA' SAN PAOLO Via A.Severo, 58 - ROMA (RM) & PERIODICI SAN PAOLO SRL Via Giotto, 36 MILANO & CISF Via Giotto, 36 MILANO & EDIZIONI SAN PAOLO SRL,  Piazza Soncino, 5 CINISELLO BALSAMO (MI) -- ITALY